000 00428nam a2200169Ia 4500
001 18773
003 IN-NITTTR
005 20251114233218.0
008 251113s9999||||xx |||||||||||||| ||eng||
040 _beng
040 _cIN-NITTTR
041 _aeng
082 _a621.31937 S91H
100 _aShugg, W. Tillar
245 0 _aHandbook of electrical and electronic insulating materials. /
_cShugg, W. Tillar
942 _2ddc
_cBK
999 _c21407
_d21407